PAOK players (2010-2020) - Statistics

General Stats
  • This quiz has been taken 27 times
  • The average score is 58 of 148
Answer Stats
Rank Player Positions Nationality Matches Goals (assists) Period % Correct
6 Ergys Kaçe DM 95 7 (9) 2010-2011, 2012-2018
100%
8 Fernando Varela CB 94 4 (4) 2016-2020
100%
5 Léo Matos RB 104 17 (10) 2016-2020
100%
9 Diego Biseswar AM 92 14 (18) 2016-2020
94%
7 José Crespo CB 95 5 (6) 2016-2020
94%
1 Stefanos Athanasiadis ST 160 62 (23) 2010-2017
94%
4 Vieirinha RB 106 20 (24) 2010-2012, 2017-2020
94%
30 Aleksandar Prijovic ST 49 34 (4) 2016-2019
88%
3 Dimitrios Pelkas AM 111 21 (19) 2012-2013, 2015-2020
88%
10 Lino LB 89 8 (16) 2010-2014
88%
14 Robert Mak LW 74 16 (11) 2014-2016, 2017-2018
88%
28 Omar El Kaddouri AM 50 2 (4) 2017-2020
81%
29 Pablo García DM 50 2 (5) 2010-2013
81%
11 Panagiotis Glykos GK 88 0 (0) 2011-2017
81%
60 Răzvan Raț LB 25 3 (5) 2014-2015
81%
23 Alexandros Paschalakis GK 53 0 (0) 2017-2020
75%
95 Bibras Natcho AM 11 2 (4) 2013-2014
75%
32 Chuba Akpom ST 43 13 (6) 2018-2020
75%
43 Karol Swiderski ST 35 14 (3) 2018-2020
75%
55 Pablo Contreras CB 28 3 (0) 2010-2012
75%
21 Yevgen Shakhov CM 61 12 (3) 2016-2019
75%
82 Zlatan Muslimovic ST 16 1 (3) 2010-2011
75%
2 Dimitrios Salpingidis RW 137 31 (20) 2010-2015
69%
57 Miroslav Stoch LW 27 5 (6) 2013-2014, 2019-2020
69%
12 Stelios Malezas CB 84 1 (2) 2010-2012, 2015-2019
69%
63 Sverrir Ingi Ingason CB 22 4 (1) 2018-2020
69%
84 Dimitar Berbatov ST 14 4 (0) 2015-2016
63%
17 Dimitrios Limnios RW 67 5 (7) 2017-2020
63%
46 Garry Rodrigues LW 32 7 (10) 2015-2017
63%
26 José Alberto Cañas DM 51 1 (0) 2016-2019
63%
49 Léo Jabá RW 30 3 (6) 2018-2020
63%
99 Robin Olsen GK 11 0 (0) 2015-2016
63%
92 Rodrigo Rey GK 12 0 (0) 2017-2018
63%
70 Zivko Zivkovic GK 20 0 (0) 2019-2020
63%
79 Amr Warda LW 17 2 (3) 2016-2017, 2018-2019
56%
31 Djalma RW 47 9 (4) 2016-2018
56%
39 Facundo Pereyra AM 38 13 (4) 2014-2015, 2016-2017
56%
24 Gojko Cimirot DM 53 1 (1) 2015-2018
56%
48 Josip Misic DM 30 5 (8) 2018-2020
56%
13 Stelios Kitsiou RB 83 2 (7) 2012-2017, 2018-2019
56%
38 Vladimir Ivic AM 39 4 (0) 2010-2012
56%
132 Yevgen Khacheridi CB 3 0 (0) 2018-2019
56%
59 Apostolos Giannou ST 25 3 (2) 2011-2013
50%
53 Charles Itandje GK 28 0 (0) 2012-2013, 2014-2015
50%
44 Dimitrios Giannoulis LB 33 0 (3) 2018-2020
50%
138 Dorian Lévêque LB 1 0 (0) 2017-2018
50%
18 Georgios Fotakis CM 67 5 (9) 2010-2013
50%
25 Marin Leovac LB 53 4 (5) 2015-2018
50%
22 Maurício DM 59 8 (2) 2017-2020
50%
19 Alexandros Tziolis DM 66 3 (3) 2013-2016
44%
36 Bruno Cirillo CB 39 2 (0) 2010-2012
44%
16 Costin Lazăr CM 69 7 (9) 2011-2014
44%
27 Giannis Skondras RB 50 2 (9) 2013-2016
44%
72 Hedwiges Maduro DM 19 3 (0) 2013-2015
44%
54 Konstantinos Chalkias GK 28 0 (0) 2010-2012
44%
142 Lefteris Lyratzis RB 1 0 (0) 2018-2019
44%
61 Liam Lawrence AM 24 3 (3) 2012-2014
44%
88 Maarten Martens AM 13 0 (0) 2013-2015
44%
15 Miguel Vítor CB 72 8 (2) 2013-2016
44%
73 Nabil El Zhar RW 19 1 (0) 2010-2011
44%
98 Pontus Wernbloom CM 11 0 (0) 2018-2019
44%
100 Sérgio Oliveira CM 11 3 (0) 2018-2019
44%
109 Alin Toșca CB 7 0 (1) 2018-2019
38%
89 Anderson Esiti DM 12 0 (0) 2019-2020
38%
62 Charilaos Charisis CM 23 1 (2) 2015-2017
38%
83 Christian Noboa CM 14 2 (1) 2014-2015
38%
41 Dimitrios Konstantinidis RB 37 0 (2) 2012-2016
38%
76 Douglas Augusto CM 18 2 (1) 2019-2020
38%
85 Erik Sabo CM 14 0 (0) 2015-2016
38%
34 Georgios Georgiadis RW 41 3 (0) 2011-2014
38%
40 Konstantinos Katsouranis DM 38 4 (7) 2012-2014
38%
47 Lucas Pérez ST 31 9 (11) 2013-2014
38%
101 Abdoul Camara LW 10 2 (1) 2012-2013
31%
56 Dario Kresic GK 27 0 (0) 2010-2012
31%
37 Etto RB 39 0 (3) 2010-2013
31%
42 Eyal Golasa CM 35 0 (0) 2014-2016
31%
20 Georgios Tzavellas CB 63 5 (3) 2013-2017
31%
51 Konstantinos Stafylidis LB 29 1 (1) 2011-2013
31%
126 Márcio Azevedo LB 4 0 (0) 2017-2018
31%
52 Miroslaw Sznaucner RB 29 0 (0) 2010-2012
31%
121 Nikolaos Karelis ST 5 0 (0) 2018-2019
31%
77 Pedro Henrique RW 18 6 (4) 2016-2019
31%
127 Rodrigo Soares RB 4 0 (1) 2019-2020
31%
128 Terry Antonis DM 4 0 (0) 2015-2016
31%
94 Tomas Necid ST 12 1 (1) 2013-2014
31%
108 Vasilios Koutsianikoulis LW 8 1 (0) 2010-2011
31%
74 Vitolo CM 19 1 (0) 2010-2011
31%
58 Zvonimir Vukic AM 27 10 (2) 2012-2014
31%
90 Anis Boussaidi RB 12 0 (0) 2010-2011
25%
102 Danny Hoesen ST 10 1 (2) 2013-2014
25%
86 Diego Arias DM 13 0 (0) 2010-2012
25%
66 Dimitrios Papadopoulos ST 20 7 (3) 2014-2015
25%
129 Dimitrios Popovic LW 3 0 (0) 2011-2013
25%
33 Efthymios Koulouris ST 43 9 (1) 2013-2015, 2016-2018
25%
67 Jacobo Sanz GK 20 0 (0) 2012-2014
25%
87 Jairo ST 13 1 (1) 2015-2016
25%
119 Kyriakos Savvidis DM 6 0 (0) 2013-2016
25%
144 Mame Thiam ST 1 0 (0) 2016-2017
25%
97 Markos Vellidis GK 11 0 (0) 2015-2016
25%
64 Ricardo Costa CB 21 0 (0) 2014-2016
25%
148 Vasilios Papadopoulos ST 1 0 (0) 2012-2013
25%
123 Zeljko Brkic GK 5 0 (0) 2016-2017
25%
65 Athanasios Papazoglou ST 20 4 (1) 2010-2012
19%
50 Bertrand Robert LB 29 2 (4) 2011-2013
19%
117 Carlos Zambrano CB 6 0 (0) 2017-2018
19%
110 Cristiano LW 7 0 (1) 2010-2011
19%
35 Georgios Katsikas CB 40 4 (0) 2011-2015
19%
45 Giannis Mystakidis RW 33 6 (4) 2015-2017
19%
96 Gordon Schildenfeld CB 11 0 (2) 2012-2013
19%
106 Juan Manuel Insaurralde CB 8 0 (0) 2013-2014
19%
147 Olivier Sorlin DM 1 0 (0) 2010-2011
19%
78 Sekou Oliseh RW 18 3 (1) 2012-2014
19%
114 Sotirios Papagiannopoulos CB 7 0 (0) 2014-2015
19%
107 Stelios Pozoglou LW 8 0 (0) 2013-2015
19%
69 Theofanis Tzandaris DM 20 0 (1) 2014-2015
19%
135 Thibault Moulin CM 2 0 (0) 2017-2018
19%
75 Alexandros Apostolopoulos RB 18 0 (1) 2011-2013
13%
71 Bongani Khumalo CB 19 0 (0) 2012-2013
13%
105 Frédéric Nimani ST 8 1 (1) 2011-2012
13%
111 Juliano Spadacio AM 7 1 (0) 2011-2012
13%
140 Kristi Qose CM 1 0 (0) 2013-2014
13%
141 Kristjan Kushta ST 1 0 (0) 2015-2016
13%
112 Lazaros Lamprou LW 7 2 (1) 2019-2020
13%
104 Lucio Filomeno CF 10 0 (2) 2010-2011
13%
133 Marios Siampanis GK 2 0 (0) 2016-2017
13%
145 Marko Mihojevic CB 1 0 (0) 2017-2018
13%
146 Michael Gspurning GK 1 0 (0) 2013-2014
13%
113 Mirko Savini LB 7 0 (0) 2010-2011
13%
134 Nikolaos Melissas GK 2 0 (0) 2015-2016
13%
80 Nikolaos Spyropoulos LB 17 0 (1) 2013-2015
13%
131 Panagiotis Deligiannidis RB 3 0 (0) 2014-2015, 2016-2017
13%
68 Sotiris Balafas CB 20 2 (0) 2010-2012
13%
93 Sotiris Ninis AM 12 0 (1) 2013-2014
13%
115 Vivian CB 7 0 (0) 2012-2013
13%
116 Zuela CB 7 0 (0) 2010-2011
13%
124 Achilleas Poungouras DM 4 0 (0) 2014-2015, 2016-2018
6%
136 Anastasios Dimitriadis AM 1 0 (0) 2015-2016
6%
137 Asterios Giakoumis GK 1 0 (0) 2013-2014
6%
120 Christos Intzidis CB 5 0 (0) 2012-2013
6%
118 Dimitrios Chatziisaias CB 6 1 (0) 2015-2016
6%
139 Georgios Kakko AM 1 0 (0) 2015-2016
6%
130 Iñigo López CB 3 0 (0) 2013-2014
6%
125 Konstantinos Panagiotoudis CM 4 1 (0) 2011-2013
6%
103 Lefteris Sakellariou LB 10 0 (1) 2010-2011
6%
143 Leonardo Jesus LB 1 0 (0) 2011-2012
6%
91 Nikolaos Korovesis LB 12 2 (1) 2015-2016
6%
81 Stavros Tsoukalas DM 17 1 (0) 2010-2012
6%
122 Stelios Pozatzidis LB 5 0 (0) 2014-2015
6%
No matching quizzes found
Score Distribution
Percent of People with Each Score
Percentile by Number Answered
Your Score History
You have not taken this quiz